000 01195ngm a22003730a 4500
001 PT37010
003 AR-LpoUNG
005 20210202000507.0
007 vd cvaizq
008 191001s2003||||ag |||||||||||||||||spa d
037 _c$5
040 _aAR-LpoUNG
_bspa
_cAR-LpoUNG
_eaacr
041 _aspa
044 _aag
082 0 _a982.064 534pro
100 1 _aLejtman, Roman
_edir.
245 1 3 _aEl Proceso
260 _a[Buenos Aires] :
_bInternational DVD Group,
_c2003.
300 _aDVD : son., col.
520 _aEste trabajo de recopilación, estructurado en los actores y episodios clave de los casi ocho años que insumió el Proceso, no sólo supone el recuerdo crítico de ese oprobioso período de la histroia argentina, sino que representa un documento ineludible para entender el presente y proyectar el futuro.
650 4 _aAUTORITARISMO
650 4 _aCONFLICTOS
650 4 _aDEMOCRACIA
650 4 _aDERECHOS CIVILES
650 4 _aDICTADURA
650 4 _aFUERZAS ARMADAS
650 4 _aGOLPES DE ESTADO
650 4 _aSISTEMAS POLITICOS
653 _aCINE ARGENTINO
653 _aDOCUMENTALES
653 _aVIDEOS
905 _a37010
942 _cDVD
999 _c54961
_d54961